[Event "EU-ch (Women) 5th"]
[Site "Dresden"]
[Date "2004.03.21"]
[Round "1"]
[White "Roelli, Corinne"]
[Black "Lagvilava, Genrieta"]
[Result "0-1"]
[WhiteElo "2020"]
[BlackElo "2302"]
[PlyCount "44"]
[EventDate "2004.03.21"]
[EventType "swiss"]
[EventRounds "12"]
[EventCountry "GER"]
[SourceTitle "CBM 099 Extra"]
[Source "ChessBase"]
[SourceDate "2004.05.04"]
[SourceVersion "1"]
[SourceVersionDate "2004.05.04"]
[SourceQuality "1"]

1. d4 f5 2. Nf3 Nf6 3. c4 g6 4. g3 Bg7 5. Bg2 0-0 6. Nc3 d6 7. 0-0 c6 8. Qc2 Na6 9. a3 Nc7 10. b4 Qe8 11. Bb2 Qf7 12. Qd3 h6 13. Rab1 Bd7 14. Nd2 Rab8 15. f4 b5 16. c5 Rbd8 17. e4 dxc5 18. dxc5 fxe4 19. Ncxe4 Bg4 20. Qc2 Be2 21. f5 Bd3 22. fxg6 Qe6 0-1

[Event "BLR-ch (Women) 48th"]
[Site "Minsk"]
[Date "2004.03.01"]
[Round "11"]
[White "Polivoda, Nadeja"]
[Black "Lagvilava, Genrieta"]
[Result "1/2-1/2"]
[WhiteElo "2187"]
[BlackElo "2302"]
[PlyCount "88"]
[EventDate "2004.02.20"]
[EventType "tourn"]
[EventRounds "11"]
[EventCountry "BLR"]
[SourceTitle "EXT 2005"]
[Source "ChessBase"]
[SourceDate "2004.11.15"]
[SourceVersion "1"]
[SourceVersionDate "2004.11.15"]
[SourceQuality "1"]

1. e4 c5 2. c3 d6 3. d4 cxd4 4. cxd4 Nf6 5. Nc3 e6 6. Bd3 Be7 7. Nf3 0-0 8. 0-0 Nc6 9. h3 e5 10. Be3 b6 11. Rc1 Bb7 12. Qe2 Nb4 13. Bb1 d5 14. exd5 Ba6 15. Nb5 Qxd5 16. a4 e4 17. Nd2 Rfe8 18. Qc4 Qh5 19. Nxe4 Nfd5 20. Ng3 Qh4 21. Nf5 Qf6 22. Nxe7+ Qxe7 23. Bd2 Rac8 24. Qb3 Rxc1 25. Rxc1 Rc8 26. Re1 Qf8 27. Be4 Bxb5 28. axb5 Qd6 29. Bxb4 Nxb4 30. d5 g6 31. Rf1 Qc5 32. Qa4 Rc7 33. Rd1 Rd7 34. g3 Nxd5 35. Bxd5 Rxd5 36. Rxd5 Qxd5 37. Qxa7 Qxb5 38. Qa3 Qf5 39. h4 b5 40. Qc3 Qb1+ 41. Kh2 Qf5 42. Kg1 Qg4 43. b4 Qd1+ 44. Kh2 Qe2 1/2-1/2

[Event "BLR-ch (Women) 48th"]
[Site "Minsk"]
[Date "2004.02.28"]
[Round "9"]
[White "Sharevich, Anna"]
[Black "Lagvilava, Genrieta"]
[Result "1-0"]
[WhiteElo "2236"]
[BlackElo "2302"]
[PlyCount "93"]
[EventDate "2004.02.20"]
[EventType "tourn"]
[EventRounds "11"]
[EventCountry "BLR"]
[SourceTitle "EXT 2005"]
[Source "ChessBase"]
[SourceDate "2004.11.15"]
[SourceVersion "1"]
[SourceVersionDate "2004.11.15"]
[SourceQuality "1"]

1. d4 f5 2. Nf3 Nf6 3. c4 e6 4. Nc3 Be7 5. h3 d6 6. Bf4 0-0 7. e3 Ne4 8. Qc2 Nxc3 9. bxc3 b6 10. Bd3 Bb7 11. Bh2 Qe8 12. d5 Bf6 13. Nd4 Bxd4 14. cxd4 exd5 15. cxd5 Qf7 16. 0-0 Bxd5 17. f3 Nc6 18. e4 Nxd4 19. Qa4 c5 20. exd5 Rfd8 21. Rab1 Kh8 22. Bc4 Qf6 23. Rfe1 h6 24. Kh1 Qh4 25. Bf1 f4 26. Re4 Rf8 27. Rbe1 Qh5 28. Bxf4 Qxd5 29. Bc4 Qh5 30. Bxd6 b5 31. Bxb5 Rxf3 32. Bf1 Rc3 33. Be5 Rf8 34. Qd7 Qg5 35. Bxd4 cxd4 36. Qxd4 Rc1 37. Bd3 Qd2 38. Rxc1 Qxc1+ 39. Kh2 a5 40. Qd6 Qc8 41. Rg4 Rf6 42. Qg3 Rf7 43. Qe5 Qd8 44. Rd4 Qc8 45. Rd6 Kg8 46. Re6 Rf8 47. Re7 1-0

[Event "St Petersburg Rudenko Memorial (Women)"]
[Site "St Petersburg"]
[Date "2004.??.??"]
[Round "5"]
[White "Rakitskaja, Mariya"]
[Black "Lagvilava, Genrieta"]
[Result "1/2-1/2"]
[WhiteElo "2212"]
[BlackElo "2317"]
[PlyCount "111"]
[EventDate "2004.08.??"]
[EventType "swiss"]
[EventRounds "9"]
[EventCountry "RUS"]
[SourceTitle "CBM 101 Extra"]
[Source "ChessBase"]
[SourceDate "2004.09.01"]
[SourceVersion "2"]
[SourceVersionDate "2004.09.01"]
[SourceQuality "1"]

1. Nf3 f5 2. d4 Nf6 3. c4 e6 4. Nc3 d5 5. Bg5 c6 6. e3 Qb6 7. Qc2 Bb4 8. Bd3 Ne4 9. Bf4 0-0 10. 0-0 Be7 11. Nd2 Nd7 12. f3 Nxc3 13. bxc3 e5 14. Rab1 Qc7 15. Bg3 g6 16. cxd5 cxd5 17. Qb3 f4 18. Bf2 Kg7 19. Rfe1 fxe3 20. Bxe3 Bf6 21. Qxd5 Qxc3 22. dxe5 Nxe5 23. Bd4 Qxd3 24. Rxe5 Rf7 25. Kh1 Be6 26. Qxe6 Qxd4 27. Rd5 Qa4 28. Ne4 Re8 29. Qg4 Qxa2 30. Rbd1 Qe2 31. h4 Be5 32. h5 Ree7 33. hxg6 hxg6 34. Ng5 Rf8 35. Rd7 Rh8+ 36. Nh3 Rhe8 37. R7d2 Qe3 38. Rd3 Qb6 39. f4 Bf6 40. Kh2 Qe6 41. Qg3 a5 42. Rd6 Qe4 43. R1d5 a4 44. f5 Rf7 45. Qxg6+ Kf8 46. Rxf6 Qxd5 47. Nf4 Qd7 48. Qh6+ Kg8 49. Rg6+ Rg7 50. f6 Rxg6 51. Qxg6+ Kf8 52. Qh6+ Kg8 53. Qg5+ Kf8 54. Qh6+ Kg8 55. Qg6+ Kf8 56. Qh6+ 1/2-1/2

[Event "Bykova Memorial (Women)"]
[Site "Vladimir"]
[Date "2003.12.??"]
[Round "3"]
[White "Kursova, Maria"]
[Black "Lagvilava, Genrieta"]
[Result "1/2-1/2"]
[WhiteElo "2264"]
[BlackElo "2281"]
[PlyCount "93"]
[EventDate "2003.12.12"]
[EventType "tourn"]
[EventRounds "11"]
[EventCountry "RUS"]
[SourceTitle "EXT 2005"]
[Source "ChessBase"]
[SourceDate "2004.11.15"]
[SourceVersion "1"]
[SourceVersionDate "2004.11.15"]
[SourceQuality "1"]

1. d4 d5 2. Nf3 e6 3. c4 f5 4. g3 Nf6 5. Bg2 c6 6. 0-0 Bd6 7. b3 Qe7 8. Bb2 0-0 9. Qc1 Nbd7 10. Ba3 b6 11. Bxd6 Qxd6 12. Qa3 c5 13. Nc3 Ne4 14. Rac1 Bb7 15. Rfd1 dxc4 16. bxc4 Nxc3 17. Qxc3 Qe7 18. d5 exd5 19. cxd5 Qd6 20. Ng5 Nf6 21. Qd3 g6 22. Ne6 Rf7 23. a4 Re8 24. a5 Bc8 25. Ng5 Rfe7 26. e3 Ne4 27. Nf3 Rd8 28. Nd2 Nxd2 29. Rxd2 Bb7 30. Rb1 Red7 31. axb6 axb6 32. Qb3 Kg7 33. Qxb6 Qxb6 34. Rxb6 Bxd5 35. Bxd5 Rxd5 36. Rb7+ Kh6 37. Rxd5 Rxd5 38. Rc7 Rd1+ 39. Kg2 Rc1 40. h4 Rc2 41. Kf3 Rc4 42. Ke2 Rc2+ 43. Ke1 Rc1+ 44. Kd2 Rf1 45. Ke2 Rc1 46. Kf3 Rc4 47. Kg2 1/2-1/2

[Event "RUS-Cup 300 years (Women)"]
[Site "St Petersburg"]
[Date "2003.10.22"]
[Round "5"]
[White "Lagvilava, Genrieta"]
[Black "Ivanova Skripova, Tatiana"]
[Result "1/2-1/2"]
[WhiteElo "2281"]
[BlackElo "2159"]
[PlyCount "66"]
[EventDate "2003.10.18"]
[EventType "swiss"]
[EventRounds "9"]
[EventCountry "RUS"]
[SourceTitle "EXT 2004"]
[Source "ChessBase"]
[SourceDate "2003.11.25"]
[SourceVersion "1"]
[SourceVersionDate "2003.11.25"]
[SourceQuality "1"]

1. e4 d5 2. exd5 Nf6 3. d4 Nxd5 4. Nf3 g6 5. c4 Nb6 6. Nc3 Bg7 7. c5 Nd5 8. Bc4 c6 9. 0-0 0-0 10. Qb3 Nxc3 11. bxc3 b5 12. cxb6 axb6 13. Ng5 e6 14. Be3 Ra5 15. Nf3 Nd7 16. a4 Bb7 17. Rfd1 Qc7 18. Be2 Rfa8 19. Rd2 c5 20. Bb5 cxd4 21. Bxd4 Nc5 22. Qd1 Ne4 23. Rd3 e5 24. Be3 Nxc3 25. Rc1 Nxd1 26. Rxc7 Nxe3 27. Rxe3 Bd5 28. Rd7 Be6 29. Rd1 Bg4 30. h3 Bxf3 31. gxf3 R5a7 32. Rd6 Rb8 33. Red3 Bf8 1/2-1/2

[Event "Serpukhov-F"]
[Site "Serpukhov"]
[Date "2003.??.??"]
[Round "5"]
[White "Burtasova, Anna"]
[Black "Lagvilava, Genrieta"]
[Result "1/2-1/2"]
[WhiteElo "2138"]
[BlackElo "2290"]
[PlyCount "109"]
[EventDate "2003.??.??"]
[EventType "tourn"]
[EventRounds "13"]
[EventCountry "RUS"]
[EventCategory "1"]
[SourceTitle "EXT 2005"]
[Source "ChessBase"]
[SourceDate "2004.11.15"]
[SourceVersion "1"]
[SourceVersionDate "2004.11.15"]
[SourceQuality "1"]

1. e4 c6 2. d4 d5 3. e5 Bf5 4. Nc3 e6 5. g4 Bg6 6. Nge2 f6 7. Bg2 fxe5 8. dxe5 Nd7 9. f4 Bc5 10. h4 h5 11. f5 exf5 12. Nf4 Nxe5 13. Qe2 Qe7 14. Ncxd5 cxd5 15. Nxd5 Nf3+ 16. Bxf3 Qxe2+ 17. Bxe2 0-0-0 18. Nf4 Bf7 19. gxf5 Nf6 20. Ne6 Bxe6 21. fxe6 Rhe8 22. Bc4 Nd5 23. Bg5 Rxe6+ 24. Kf1 Ne3+ 25. Bxe3 Rxe3 26. Bd3 Rf8+ 27. Kg2 Rf4 28. Rae1 Rxe1 29. Rxe1 Rxh4 30. Re4 Rxe4 31. Bxe4 b5 32. Bg6 h4 33. Kh3 Be7 34. Bd3 b4 35. b3 Kc7 36. Kg4 Kd6 37. Bf5 Ke5 38. Bc8 Ke4 39. Kh3 Kf4 40. Bd7 Ke3 41. Bf5 Kd2 42. Bg6 Kc3 43. Kg4 Kb2 44. Kh3 Kxa2 45. Kg4 Kb2 46. Kh3 Kc3 47. Kg4 Kd4 48. Kh3 Ke5 49. Kg4 Bf6 50. Be8 Ke4 51. Bg6+ Ke3 52. Be8 Kf2 53. Kh3 Kf3 54. Bd7 g5 55. Bg4+ 1/2-1/2

[Event "Serpukhov-F"]
[Site "Serpukhov"]
[Date "2003.??.??"]
[Round "7"]
[White "Kiselev, Artiom"]
[Black "Lagvilava, Genrieta"]
[Result "1-0"]
[WhiteElo "2251"]
[BlackElo "2290"]
[PlyCount "91"]
[EventDate "2003.??.??"]
[EventType "tourn"]
[EventRounds "13"]
[EventCountry "RUS"]
[EventCategory "1"]
[SourceTitle "EXT 2005"]
[Source "ChessBase"]
[SourceDate "2004.11.15"]
[SourceVersion "1"]
[SourceVersionDate "2004.11.15"]
[SourceQuality "1"]

1. d4 f5 2. Nf3 Nf6 3. c4 g6 4. g3 Bg7 5. b4 d6 6. Bb2 0-0 7. Bg2 c6 8. Nbd2 Na6 9. a3 Nc7 10. 0-0 Qe8 11. a4 h6 12. Ne1 e5 13. dxe5 dxe5 14. e4 f4 15. Nd3 Nh5 16. g4 f3 17. Bxf3 Nf4 18. Nxf4 Rxf4 19. Be2 Be6 20. f3 h5 21. gxh5 gxh5 22. Kh1 Kh7 23. Rg1 Bf6 24. Nf1 Qf7 25. Ne3 Rh4 26. Qe1 Rh3 27. Qf2 Bh4 28. Qg2 Bg3 29. Qxh3 Bxh3 30. Rxg3 Ne6 31. Rag1 Nd4 32. Bxd4 exd4 33. Rxh3 dxe3 34. f4 a5 35. Bxh5 Qxf4 36. Bf3+ Qh6 37. Rxh6+ Kxh6 38. b5 cxb5 39. cxb5 Rd8 40. Rd1 Rc8 41. Kg2 Rc2+ 42. Kg3 Ra2 43. e5 Kg6 44. Be4+ Kg7 45. Rd7+ Kf8 46. e6 1-0